[Event "Frankfurt-ch"]
[Site "Frankfurt"]
[Date "2009.05.18"]
[Round "4"]
[White "Thomele, Michael"]
[Black "Milde, Dieter"]
[Result "0-1"]
[WhiteElo "1885"]
[BlackElo "1625"]
[PlyCount "120"]
[EventDate "2009.04.27"]
[EventType "tourn"]
[EventRounds "7"]
[EventCountry "GER"]
[SourceTitle "EXT 2010"]
[Source "ChessBase"]
[SourceDate "2010.11.25"]
[SourceVersion "1"]
[SourceVersionDate "2010.11.25"]
[SourceQuality "1"]

1. e4 e6 2. d4 d5 3. Nc3 dxe4 4. Nxe4 Bd7 5. Nf3 Bc6 6. Bd3 Nd7 7. Be3 Ngf6 8. Nxf6+ Nxf6 9. 0-0 Bd6 10. Ne5 Bxe5 11. dxe5 Qd5 12. f3 Qxe5 13. Qc1 Nd5 14. Bf2 Nf4 15. Bg3 Qc5+ 16. Bf2 Nxd3 17. Bxc5 Nxc1 18. Raxc1 0-0-0 19. Be3 e5 20. c4 a6 21. Rfe1 Rhe8 22. b4 f6 23. Rc3 e4 24. f4 Rd3 25. Rxd3 exd3 26. Kf2 Ba4 27. Kf3 f5 28. c5 Kd7 29. Rg1 Kc6 30. g4 fxg4+ 31. Kf2 h5 32. h3 gxh3 33. Rh1 Bb5 34. Rxh3 g6 35. Rg3 Re6 36. Ke1 Kd5 37. Kd2 Ke4 38. Rh3 Bd7 39. Rh4 Kf3 40. Rh3+ Kg4 41. Rh1 Kf3 42. Rf1+ Ke4 43. f5 gxf5 44. Rf4+ Ke5 45. Kxd3 Kf6 46. Rh4 Kg6 47. Rd4 Bb5+ 48. Kd2 Re4 49. Rd8 Rxb4 50. Kc3 Rc4+ 51. Kd2 f4 52. Bf2 Ra4 53. Kc3 Rxa2 54. Bd4 Ra3+ 55. Kb2 Rd3 56. Rg8+ Kf5 57. Bg1 f3 58. Kc2 Rd5 59. Bf2 a5 60. Rf8+ Ke4 0-1

[Event "Frankfurt-ch"]
[Site "Frankfurt"]
[Date "2009.04.27"]
[Round "1"]
[White "Milde, Dieter"]
[Black "Marzahn, Heiko"]
[Result "0-1"]
[WhiteElo "1625"]
[BlackElo "1985"]
[PlyCount "78"]
[EventDate "2009.04.27"]
[EventType "tourn"]
[EventRounds "7"]
[EventCountry "GER"]
[SourceTitle "EXT 2010"]
[Source "ChessBase"]
[SourceDate "2010.11.25"]
[SourceVersion "1"]
[SourceVersionDate "2010.11.25"]
[SourceQuality "1"]

1. d4 Nf6 2. Nf3 g6 3. Nbd2 Bg7 4. e4 d6 5. Bc4 0-0 6. 0-0 Nc6 7. c3 e5 8. d5 Ne7 9. Re1 Kh8 10. Nf1 Nh5 11. Bd3 f5 12. Ng3 f4 13. Nxh5 gxh5 14. Ng5 Qe8 15. Be2 Qg6 16. Ne6 Bxe6 17. Bxh5 Qh6 18. dxe6 Qxe6 19. Qb3 Qh6 20. Bg4 Qg5 21. Bh3 Rf6 22. Qxb7 Rg8 23. Kh1 Rh6 24. Rg1 Rxh3 25. gxh3 Qh5 26. Bd2 Qf3+ 27. Rg2 Bf8 28. Rag1 Ng6 29. Qb3 Qxe4 30. Qd1 Qb7 31. Qh5 Rg7 32. f3 Kg8 33. Bc1 e4 34. fxe4 Qxe4 35. Qe2 Qf5 36. Qg4 Qd5 37. Bxf4 Ne5 38. Qd1 Nd3 39. Qd2 Qf3 0-1

[Event "Hessen-ch Gr-D 62nd"]
[Site "Hanau"]
[Date "2008.03.22"]
[Round "3"]
[White "Traut, Stefan"]
[Black "Milde, Dieter"]
[Result "1/2-1/2"]
[WhiteElo "1526"]
[BlackElo "1600"]
[PlyCount "119"]
[EventDate "2008.03.21"]
[EventType "swiss"]
[EventRounds "5"]
[EventCountry "GER"]
[SourceTitle "CBM 123 Extra"]
[Source "ChessBase"]
[SourceDate "2008.05.06"]
[SourceVersion "1"]
[SourceVersionDate "2008.05.06"]
[SourceQuality "1"]

1. d4 Nf6 2. Nf3 e6 3. g3 d5 4. c4 c6 5. Qc2 Bd6 6. Bg2 Nbd7 7. 0-0 0-0 8. Nbd2 Rb8 9. e4 dxe4 10. Nxe4 Nxe4 11. Qxe4 Nf6 12. Qe2 Re8 13. Re1 c5 14. dxc5 Bxc5 15. Bf4 Ra8 16. Rad1 Qb6 17. Ne5 h6 18. b3 g5 19. Be3 Bxe3 20. Qxe3 Qxe3 21. Rxe3 Rb8 22. Red3 Re7 23. Rd8+ Kg7 24. c5 Rc7 25. b4 a5 26. a3 axb4 27. axb4 Ra8 28. R8d4 Ra2 29. R4d2 Ra4 30. Rb2 Ra3 31. h3 Nd5 32. Bxd5 exd5 33. Rxd5 Bxh3 34. Kh2 Be6 35. Rd3 Ra1 36. f3 f6 37. Ng4 h5 38. Ne3 Bd7 39. Nd5 Bb5 40. Nxc7 Bxd3 41. Rd2 Bf5 42. Rb2 g4 43. Kg2 Ra3 44. fxg4 hxg4 45. Re2 Bd3 46. Ne6+ Kh6 47. Re1 Ra2+ 48. Kg1 f5 49. Nd8 Be4 50. Nf7+ Kg6 51. Nd6 Rg2+ 52. Kf1 Rxg3 53. Nxe4 fxe4 54. Rxe4 Kf6 55. Kf2 Rf3+ 56. Kg2 Kf5 57. Re7 Rb3 58. Rxb7 Rb2+ 59. Kg3 Rb3+ 60. Kg2 1/2-1/2

[Event "Hessen-ch Gr-D 62nd"]
[Site "Hanau"]
[Date "2008.03.21"]
[Round "1"]
[White "Libuda, Thomas"]
[Black "Milde, Dieter"]
[Result "1-0"]
[WhiteElo "1984"]
[BlackElo "1600"]
[PlyCount "73"]
[EventDate "2008.03.21"]
[EventType "swiss"]
[EventRounds "5"]
[EventCountry "GER"]
[SourceTitle "CBM 123 Extra"]
[Source "ChessBase"]
[SourceDate "2008.05.06"]
[SourceVersion "1"]
[SourceVersionDate "2008.05.06"]
[SourceQuality "1"]

1. d4 Nf6 2. Nf3 e6 3. Nbd2 d5 4. e3 c5 5. c3 c4 6. b3 b5 7. a4 Qa5 8. Qc2 b4 9. bxc4 bxc3 10. Nb3 Qc7 11. c5 Ne4 12. Bd3 f5 13. Ne5 a6 14. f3 Nf6 15. Qxc3 Nbd7 16. Nxd7 Bxd7 17. Bd2 Be7 18. 0-0 0-0 19. Rfc1 Rfc8 20. Qc2 Bc6 21. Na5 Bd8 22. Rcb1 Qd7 23. Bc3 Bc7 24. Rb2 g5 25. Nxc6 Qxc6 26. a5 Qe8 27. Qe2 Qh5 28. g3 g4 29. f4 Ne4 30. Be1 Bd8 31. Bxa6 Rc7 32. Bd3 Rca7 33. a6 Bf6 34. Rab1 Nxc5 35. Rb8+ Rxb8 36. Rxb8+ Kg7 37. dxc5 1-0

[Event "Frankfurt-ch"]
[Site "Frankfurt"]
[Date "2007.06.04"]
[Round "5"]
[White "Milde, Dieter"]
[Black "Benikhis, Avram"]
[Result "0-1"]
[WhiteElo "1602"]
[BlackElo "1797"]
[PlyCount "70"]
[EventDate "2007.04.30"]
[EventType "swiss"]
[EventRounds "7"]
[EventCountry "GER"]
[SourceTitle "EXT 2008"]
[Source "ChessBase"]
[SourceDate "2007.11.25"]
[SourceVersion "1"]
[SourceVersionDate "2007.11.25"]
[SourceQuality "1"]

1. d4 d5 2. Nf3 Bf5 3. c4 e6 4. Nc3 c6 5. e3 Nf6 6. Ne5 Nbd7 7. g4 Nxe5 8. gxf5 Nxc4 9. fxe6 fxe6 10. e4 Bb4 11. Bg5 Nxb2 12. Qb3 Qa5 13. Bd2 Qa3 14. Qc2 Bxc3 15. Bxc3 Na4 16. Bd2 Nxe4 17. Bd3 Nxd2 18. Qxd2 Qc3 19. Rc1 Qxd2+ 20. Kxd2 Nb2 21. Be2 Rf8 22. Ke3 Na4 23. Bg4 Rf6 24. Rhf1 Nb6 25. Rce1 Kd7 26. Kd3 Kd6 27. Re2 Re8 28. f4 g6 29. h4 c5 30. dxc5+ Kxc5 31. f5 e5 32. Rc1+ Nc4 33. fxg6 Rxg6 34. Bh5 Rg3+ 35. Kc2 Re7 0-1

[Event "Frankfurt-ch"]
[Site "Frankfurt"]
[Date "2007.05.14"]
[Round "3"]
[White "Ostermeier, Thorsten"]
[Black "Milde, Dieter"]
[Result "1-0"]
[WhiteElo "1923"]
[BlackElo "1602"]
[PlyCount "105"]
[EventDate "2007.04.30"]
[EventType "swiss"]
[EventRounds "7"]
[EventCountry "GER"]
[SourceTitle "EXT 2008"]
[Source "ChessBase"]
[SourceDate "2007.11.25"]
[SourceVersion "1"]
[SourceVersionDate "2007.11.25"]
[SourceQuality "1"]

1. Nf3 Nf6 2. d4 b6 3. c4 Bb7 4. Nc3 e6 5. Bg5 h6 6. Bh4 Be7 7. Qc2 d5 8. e3 Nbd7 9. Be2 Rc8 10. cxd5 exd5 11. 0-0 0-0 12. Rfc1 a6 13. a3 Ne4 14. Bxe7 Qxe7 15. Bd3 Ndf6 16. Ne5 c5 17. Bxe4 dxe4 18. Qb3 cxd4 19. exd4 Qd6 20. Ne2 Bd5 21. Qe3 Nd7 22. Nxd7 Qxd7 23. Rc3 f5 24. Rac1 Rxc3 25. Rxc3 Rc8 26. Qf4 b5 27. h4 Be6 28. Qe5 Rxc3 29. bxc3 Kf7 30. Nf4 Qe7 31. h5 Qf6 32. Qc7+ Qe7 33. Qb6 Bc8 34. Ng6 Qe6 35. Qd8 Qe8 36. Qc7+ Bd7 37. Ne5+ Ke7 38. Qc5+ Kd8 39. Qb6+ Ke7 40. Ng6+ Kf7 41. Qxa6 Qe6 42. Qa8 Be8 43. Qb7+ Kf6 44. Qb8 Bxg6 45. hxg6 e3 46. f4 Kxg6 47. Qe5 Qxe5 48. dxe5 Kf7 49. Kf1 g5 50. g3 gxf4 51. gxf4 h5 52. Ke2 h4 53. Kxe3 1-0

[Event "Frankfurt-ch"]
[Site "Frankfurt"]
[Date "2007.04.30"]
[Round "1"]
[White "Behnick, Eckhard"]
[Black "Milde, Dieter"]
[Result "1-0"]
[WhiteElo "2169"]
[BlackElo "1602"]
[PlyCount "108"]
[EventDate "2007.04.30"]
[EventType "swiss"]
[EventRounds "7"]
[EventCountry "GER"]
[SourceTitle "EXT 2008"]
[Source "ChessBase"]
[SourceDate "2007.11.25"]
[SourceVersion "1"]
[SourceVersionDate "2007.11.25"]
[SourceQuality "1"]

1. d4 Nf6 2. c4 e5 3. dxe5 Ng4 4. Nf3 Bc5 5. e3 Nc6 6. Be2 0-0 7. Nc3 Ngxe5 8. 0-0 d6 9. a3 a5 10. Nd5 Be6 11. Bd2 Nxf3+ 12. Bxf3 Ne5 13. b3 c6 14. Nf4 Qg5 15. Be2 Bf5 16. b4 axb4 17. axb4 Bb6 18. Bc3 Bc7 19. Qd2 Ng6 20. Nxg6 Qxg6 21. g3 h5 22. Qd4 Bg4 23. Bd3 Qh6 24. Kg2 b6 25. Qe4 d5 26. cxd5 cxd5 27. Qxd5 Rad8 28. Qc4 Rc8 29. Qb5 Qe6 30. Rfc1 Bh3+ 31. Kg1 Qg4 32. Bf1 Bxf1 33. Qxf1 Bd6 34. Rab1 h4 35. Qg2 Rc4 36. Bd4 Rfc8 37. Rxc4 Rxc4 38. gxh4 Qxg2+ 39. Kxg2 Rxb4 40. Rxb4 Bxb4 41. Bxb6 f5 42. Bc7 Kf7 43. Kf3 Kg6 44. Bd8 Kh5 45. h3 g6 46. Bg5 Bd6 47. Ke2 Be5 48. Kd3 Bh2 49. f3 Bg3 50. e4 Bxh4 51. Bxh4 Kxh4 52. e5 Kg5 53. h4+ Kh6 54. Ke2 Kg7 1-0